[Event "Madrid Tajamar Easter op-A"]
[Site "Madrid"]
[Date "2018.03.25"]
[Round "5"]
[White "Perez Gonzalez, Jose Manuel"]
[Black "Vallejo Nuno, Jorge"]
[Result "1-0"]
[WhiteElo "2277"]
[BlackElo "2115"]
[PlyCount "99"]
[EventDate "2018.03.22"]
[EventType "swiss"]
[EventRounds "7"]
[EventCountry "ESP"]
[SourceTitle "EXT 2019"]
[Source "ChessBase"]
[SourceDate "2018.10.10"]
[SourceVersion "1"]
[SourceVersionDate "2018.10.10"]
[SourceQuality "1"]

1. e4 g6 2. d4 Bg7 3. Nc3 c6 4. Be3 d5 5. f3 Qb6 6. Qd2 Qxb2 7. Rb1 Qa3 8. exd5 Nf6 9. Nge2 0-0 10. Nf4 Nbd7 11. Bd3 Nb6 12. dxc6 bxc6 13. 0-0 Ba6 14. Rb3 Qa5 15. Nb1 Qxd2 16. Nxd2 Bxd3 17. Nxd3 Nfd5 18. Bf2 Bh6 19. Ne4 Rfd8 20. Ne5 Rac8 21. Nc5 e6 22. a4 Bf8 23. Nb7 Re8 24. a5 Rc7 25. axb6 Rxb7 26. bxa7 Rxa7 27. Rfb1 f6 28. Nd3 Rd7 29. c4 Nc7 30. Rb6 c5 31. Nxc5 Bxc5 32. dxc5 Red8 33. Bg3 Kf7 34. c6 Re7 35. Bxc7 Rxc7 36. Rb7 Re7 37. c5 e5 38. Kf2 Rc8 39. R1b6 f5 40. Ke3 Ke6 41. Kd3 Rec7 42. Kc4 h5 43. Rxc7 Rxc7 44. Kb5 e4 45. fxe4 fxe4 46. Ra6 Kd5 47. Ra1 Kd4 48. Rd1+ Kc3 49. Kb6 Rc8 50. c7 1-0

[Event "Madrid-ch sf-B"]
[Site "Madrid"]
[Date "2016.03.05"]
[Round "3"]
[White "Vallejo Nuno, Jorge"]
[Black "Gonzalez Rivera, Eduardo"]
[Result "1-0"]
[WhiteElo "2126"]
[BlackElo "2047"]
[PlyCount "71"]
[EventDate "2016.03.03"]
[EventType "swiss"]
[EventRounds "9"]
[EventCountry "ESP"]
[SourceTitle "EXT 2017"]
[Source "ChessBase"]
[SourceDate "2016.10.25"]
[SourceVersion "1"]
[SourceVersionDate "2016.10.25"]
[SourceQuality "1"]

1. e4 e5 2. Nf3 Nc6 3. d4 exd4 4. Nxd4 Nf6 5. Nxc6 bxc6 6. e5 Qe7 7. Qe2 Nd5 8. c4 Nb6 9. b3 g6 10. g3 Bg7 11. Bb2 0-0 12. Bg2 Re8 13. f4 d5 14. Nc3 Be6 15. cxd5 cxd5 16. 0-0 Red8 17. Nb5 Qd7 18. Rac1 c6 19. Nd4 Rac8 20. Ba3 Bf8 21. Bxf8 Rxf8 22. Rc5 Qe7 23. Rfc1 Nc4 24. Nxe6 fxe6 25. Qf2 Nxe5 26. Qd4 Nf7 27. Rxc6 Qd7 28. Qc5 Rxc6 29. Qxc6 Qe7 30. Re1 Qa3 31. Qxe6 d4 32. f5 gxf5 33. Qxf5 Qb4 34. Rf1 Qb6 35. Bd5 d3+ 36. Kg2 1-0

[Event "Madrid San Viator op 25th"]
[Site "Madrid"]
[Date "2015.10.25"]
[Round "5"]
[White "Renteria Becerra, Jorge Elicer"]
[Black "Vallejo Nuno, Jorge"]
[Result "1/2-1/2"]
[WhiteElo "2244"]
[BlackElo "2087"]
[PlyCount "78"]
[EventDate "2015.10.04"]
[EventType "swiss"]
[EventRounds "9"]
[EventCountry "ESP"]
[SourceTitle "CBM 169 Extra"]
[Source "ChessBase"]
[SourceDate "2015.12.18"]
[SourceVersion "1"]
[SourceVersionDate "2015.12.18"]
[SourceQuality "1"]

1. e4 g6 2. d4 Bg7 3. c4 Nc6 4. Ne2 e5 5. d5 Nd4 6. Be3 c5 7. dxc6 dxc6 8. Nbc3 Be6 9. b3 Qa5 10. Bd2 Qc7 11. Na4 Rd8 12. Nxd4 Rxd4 13. Qc2 b6 14. Bc3 Rd7 15. Be2 Ne7 16. c5 b5 17. Nb2 0-0 18. 0-0 f5 19. f3 Rfd8 20. Rfd1 Rxd1+ 21. Bxd1 a5 22. Nd3 fxe4 23. fxe4 g5 24. a3 Ng6 25. b4 a4 26. Nf2 Bc4 27. g3 Nf8 28. Bg4 Qf7 29. Qc1 Ne6 30. Bxe6 Bxe6 31. Qxg5 Rf8 32. Be1 Qf3 33. g4 Bc4 34. Qd2 Rf4 35. Qd8+ Rf8 36. Qd1 Be2 37. Qd2 Bf1 38. Kxf1 Qh1+ 39. Ke2 Qf3+ 1/2-1/2

[Event "Madrid San Viator op 25th"]
[Site "Madrid"]
[Date "2015.10.04"]
[Round "1"]
[White "Vallejo Nuno, Jorge"]
[Black "Garcia Sanjuan, Jose"]
[Result "1-0"]
[WhiteElo "2087"]
[BlackElo "1850"]
[PlyCount "65"]
[EventDate "2015.10.04"]
[EventType "swiss"]
[EventRounds "9"]
[EventCountry "ESP"]
[SourceTitle "CBM 169 Extra"]
[Source "ChessBase"]
[SourceDate "2015.12.18"]
[SourceVersion "1"]
[SourceVersionDate "2015.12.18"]
[SourceQuality "1"]

1. e4 b6 2. d4 Bb7 3. Nc3 e6 4. Nge2 Nf6 5. e5 Nd5 6. Nxd5 Bxd5 7. Nc3 Bb7 8. Be3 Nc6 9. Qd2 a6 10. Be2 Ne7 11. 0-0 Nf5 12. Rad1 Bb4 13. a3 Bxc3 14. Qxc3 g5 15. Bd3 Nh4 16. f3 h6 17. Be4 c6 18. Qb3 b5 19. c4 Nf5 20. Bf2 Rb8 21. Qc2 Ne7 22. b3 Rg8 23. Be3 Ng6 24. f4 gxf4 25. Bxf4 Nxf4 26. Rxf4 Qg5 27. Rdf1 bxc4 28. bxc4 c5 29. Qb2 cxd4 30. Bxb7 Qxe5 31. Rxf7 Qg5 32. Qb4 d6 33. Bc6+ 1-0

[Event "Madrid-ch sf-B"]
[Site "Madrid"]
[Date "2015.03.13"]
[Round "4"]
[White "Del Noval Nemeshazi, Nesztor"]
[Black "Vallejo Nuno, Jorge"]
[Result "0-1"]
[WhiteElo "1770"]
[BlackElo "2035"]
[PlyCount "69"]
[EventDate "2015.03.05"]
[EventType "swiss"]
[EventRounds "9"]
[EventCountry "ESP"]
[SourceTitle "CBM 165 Extra"]
[Source "ChessBase"]
[SourceDate "2015.04.21"]
[SourceVersion "1"]
[SourceVersionDate "2015.04.21"]
[SourceQuality "1"]

1. e4 e5 2. Nf3 f5 3. Nxe5 Qf6 4. d4 d6 5. Nc4 fxe4 6. Nc3 Qg6 7. f3 Be7 8. Nxe4 d5 9. Ne5 Qb6 10. Ng3 c5 11. Bd3 Nf6 12. 0-0 0-0 13. Nf5 Bd8 14. dxc5 Qxc5+ 15. Be3 Qc7 16. f4 Nc6 17. Nxc6 bxc6 18. Bc5 Bxf5 19. Bxf5 Be7 20. Bxe7 Qxe7 21. Re1 Qc5+ 22. Kh1 g6 23. Bd3 Qd4 24. c3 Qxf4 25. Rf1 Qd6 26. h3 Nh5 27. Rxf8+ Rxf8 28. Qg4 Rf4 29. Qc8+ Kg7 30. Qb7+ Rf7 31. Qa6 Qg3 32. Rf1 Nf4 33. Rxf4 Rxf4 34. Qxa7+ Kh6 35. Qc7 0-1

[Event "Madrid-ch sf-B"]
[Site "Madrid"]
[Date "2015.03.06"]
[Round "2"]
[White "Vallejo Nuno, Jorge"]
[Black "Aguilera Lopez, Alejandro"]
[Result "1/2-1/2"]
[WhiteElo "2035"]
[BlackElo "1879"]
[PlyCount "32"]
[EventDate "2015.03.05"]
[EventType "swiss"]
[EventRounds "9"]
[EventCountry "ESP"]
[SourceTitle "CBM 165 Extra"]
[Source "ChessBase"]
[SourceDate "2015.04.21"]
[SourceVersion "1"]
[SourceVersionDate "2015.04.21"]
[SourceQuality "1"]

1. e4 c5 2. d4 cxd4 3. c3 e6 4. Nf3 Nc6 5. cxd4 Nf6 6. Nc3 Bb4 7. Bd3 d5 8. e5 Ne4 9. 0-0 Nxc3 10. bxc3 Bxc3 11. Rb1 h6 12. Be3 0-0 13. Qc1 Ba5 14. Bxh6 gxh6 15. Qxh6 f5 16. Qg6+ Kh8 1/2-1/2

[Event "Madrid-ch sf-A"]
[Site "Madrid"]
[Date "2014.03.19"]
[Round "6"]
[White "Lopez de Turiso, Jose Angel"]
[Black "Vallejo Nuno, Jorge"]
[Result "1-0"]
[WhiteElo "2127"]
[BlackElo "2061"]
[PlyCount "115"]
[EventDate "2014.03.10"]
[EventType "swiss"]
[EventRounds "9"]
[EventCountry "ESP"]
[SourceTitle "EXT 2015"]
[Source "ChessBase"]
[SourceDate "2014.11.20"]
[SourceVersion "1"]
[SourceVersionDate "2014.11.20"]
[SourceQuality "1"]

1. e4 e5 2. Nc3 c5 3. Bc4 Nc6 4. d3 d6 5. Nge2 Nf6 6. Bg5 Be7 7. Bxf6 Bxf6 8. Nd5 Bg5 9. f4 exf4 10. Nexf4 0-0 11. 0-0 Ne5 12. Bb3 Bd7 13. a4 Rc8 14. Qe2 Kh8 15. c3 c4 16. dxc4 f5 17. Bc2 fxe4 18. Bxe4 Qe8 19. b3 Bg4 20. Qc2 g6 21. h3 Be6 22. Rae1 Qd7 23. Nxe6 Qxe6 24. Qe2 Kg7 25. Rxf8 Rxf8 26. Rf1 Rxf1+ 27. Kxf1 Nc6 28. Bf3 Ne5 29. Be4 Qe8 30. Kg1 Qe6 31. Nc7 Qe7 32. Nb5 a6 33. Nd4 Nc6 34. Bxc6 Qxe2 35. Nxe2 Be3+ 36. Kf1 bxc6 37. Ke1 Kf6 38. b4 Ke5 39. Ng3 Kf4 40. Ke2 Bg1 41. Nf1 h5 42. g3+ Ke4 43. Nd2+ Kf5 44. Kf3 Ba7 45. g4+ hxg4+ 46. hxg4+ Ke5 47. Nb3 d5 48. c5 Ke6 49. Nd4+ Kd7 50. Kf4 a5 51. Kg5 Bb8 52. Kxg6 axb4 53. cxb4 Be5 54. Nb3 Bc3 55. b5 cxb5 56. axb5 d4 57. Kf7 Bb4 58. g5 1-0

[Event "Madrid-ch sf-A"]
[Site "Madrid"]
[Date "2014.03.17"]
[Round "4"]
[White "Rosa Ramirez, Victor Diego"]
[Black "Vallejo Nuno, Jorge"]
[Result "1/2-1/2"]
[WhiteElo "1989"]
[BlackElo "2061"]
[PlyCount "71"]
[EventDate "2014.03.10"]
[EventType "swiss"]
[EventRounds "9"]
[EventCountry "ESP"]
[SourceTitle "EXT 2015"]
[Source "ChessBase"]
[SourceDate "2014.11.20"]
[SourceVersion "1"]
[SourceVersionDate "2014.11.20"]
[SourceQuality "1"]

1. e4 e5 2. Bc4 c6 3. Nf3 d5 4. exd5 cxd5 5. Bb5+ Bd7 6. Qe2 Bxb5 7. Qxb5+ Qd7 8. Nc3 e4 9. Nd4 Nf6 10. 0-0 Nc6 11. Nce2 Bd6 12. d3 0-0 13. f4 Rac8 14. Kh1 a6 15. Qa4 Rfe8 16. Nxc6 bxc6 17. dxe4 Nxe4 18. Nd4 Nc5 19. Qa5 h5 20. Bd2 Ne4 21. Be1 c5 22. Nb3 Bc7 23. Qa3 Qb5 24. Nd2 Ba5 25. c4 Qb4 26. Qxb4 Bxb4 27. Nxe4 dxe4 28. Bxb4 cxb4 29. b3 f5 30. Kg1 Red8 31. Rad1 a5 32. Kf2 Kf7 33. h4 a4 34. Ke2 Ke6 35. Rxd8 Rxd8 36. Rd1 1/2-1/2

[Event "Madrid San Viator op 21st"]
[Site "Madrid"]
[Date "2013.11.17"]
[Round "9"]
[White "Renteria Becerra, Jorge Elicer"]
[Black "Vallejo Nuno, Jorge"]
[Result "1-0"]
[WhiteElo "2323"]
[BlackElo "2068"]
[PlyCount "31"]
[EventDate "2013.09.29"]
[EventType "swiss"]
[EventRounds "9"]
[EventCountry "ESP"]
[SourceTitle "EXT 2015"]
[Source "ChessBase"]
[SourceDate "2014.11.20"]
[SourceVersion "1"]
[SourceVersionDate "2014.11.20"]
[SourceQuality "1"]

1. e4 e5 2. Nf3 f5 3. Nxe5 Qf6 4. d4 d6 5. Nc4 fxe4 6. Nc3 Qg6 7. Ne3 Nf6 8. Bc4 c6 9. 0-0 d5 10. Bb3 Bd6 11. f3 exf3 12. Qxf3 0-0 13. g3 Bh3 14. Ng2 Ng4 15. Nxd5 Kh8 16. Qxf8+ 1-0

[Event "Madrid San Viator op 18th"]
[Site "Madrid"]
[Date "2012.05.20"]
[Round "7"]
[White "Vallejo Nuno, Jorge"]
[Black "Cuadrado Lopez, Francisco Javier"]
[Result "1-0"]
[WhiteElo "2068"]
[BlackElo "1970"]
[PlyCount "51"]
[EventDate "2012.03.25"]
[EventType "swiss"]
[EventRounds "9"]
[EventCountry "ESP"]
[SourceTitle "EXT 2013"]
[Source "ChessBase"]
[SourceDate "2012.11.22"]
[SourceVersion "1"]
[SourceVersionDate "2012.11.22"]
[SourceQuality "1"]

1. e4 e5 2. f4 exf4 3. Bc4 Nf6 4. Nc3 d6 5. d4 Be7 6. Bxf4 0-0 7. Nf3 c6 8. 0-0 Bg4 9. Qd2 Nbd7 10. Rae1 b5 11. Bd3 Qb6 12. Qf2 b4 13. Nd1 Rae8 14. Ne3 Bxf3 15. Nc4 Qc7 16. Qxf3 c5 17. e5 dxe5 18. dxe5 Nxe5 19. Bxe5 Qd7 20. h3 Rd8 21. Rd1 Qe6 22. Rfe1 Qa6 23. Nd6 Qb6 24. Nc4 Qa6 25. Kh1 Rfe8 26. Nd6 1-0

[Event "Madrid Anticrisis op"]
[Site "Madrid"]
[Date "2009.03.31"]
[Round "9"]
[White "Del Barrio Garcia, Alberto"]
[Black "Vallejo Nuno, Jorge"]
[Result "0-1"]
[WhiteElo "1919"]
[BlackElo "2003"]
[PlyCount "73"]
[EventDate "2009.03.03"]
[EventType "swiss"]
[EventRounds "9"]
[EventCountry "ESP"]
[SourceTitle "CBM 129 Extra"]
[Source "ChessBase"]
[SourceDate "2009.05.05"]
[SourceVersion "2"]
[SourceVersionDate "2009.05.20"]
[SourceQuality "1"]

1. e4 e5 2. Bc4 Nf6 3. d3 Nc6 4. Nf3 d6 5. c3 Be7 6. 0-0 0-0 7. Bb3 Na5 8. Bc2 c5 9. Nbd2 Nc6 10. Re1 Rb8 11. Nf1 b5 12. Ng3 Qc7 13. Bg5 Ne8 14. Bxe7 Qxe7 15. Nf5 Bxf5 16. exf5 Qf6 17. Qe2 Nc7 18. Qe4 d5 19. Qg4 b4 20. Ba4 Nb5 21. c4 dxc4 22. dxc4 Nbd4 23. Nd2 Qe7 24. Re3 f6 25. Rh3 Rf7 26. Qh5 h6 27. Qg4 Kh8 28. Re1 Qc7 29. Qe4 Ne7 30. Bd1 Ng8 31. Bh5 Rd7 32. b3 Rbd8 33. Ree3 Nxf5 34. Qxf5 Rxd2 35. Rd3 Ne7 36. Qe4 f5 37. Qe3 0-1

[Event "Madrid-ch sf-A"]
[Site "Madrid"]
[Date "2008.01.07"]
[Round "1"]
[White "Vallejo Nuno, Jorge"]
[Black "De la Fuente Gonzalez, Francisco"]
[Result "0-1"]
[WhiteElo "2022"]
[BlackElo "2226"]
[PlyCount "58"]
[EventDate "2008.01.07"]
[EventType "swiss"]
[EventRounds "9"]
[EventCountry "ESP"]
[SourceTitle "CBM 122 Extra"]
[Source "ChessBase"]
[SourceDate "2008.03.04"]
[SourceVersion "1"]
[SourceVersionDate "2008.03.04"]
[SourceQuality "1"]

1. e4 e5 2. Nf3 Nf6 3. Bc4 Nxe4 4. Nc3 Nf6 5. Nxe5 d5 6. Bb3 c6 7. 0-0 Bd6 8. d4 0-0 9. Bg5 h6 10. Bh4 Nbd7 11. f4 Be7 12. Kh1 Nxe5 13. fxe5 Ng4 14. Bxe7 Qxe7 15. Qe1 h5 16. h3 Nh6 17. Rf4 Be6 18. Qf2 Qg5 19. Ne2 Nf5 20. Rf1 g6 21. g4 hxg4 22. Rxg4 Qh6 23. Nf4 Kh7 24. Rfg1 Rg8 25. Rg5 Qh4 26. Qd2 Ng7 27. Kh2 Bf5 28. c3 Ne6 29. Nxe6 Qxh3# 0-1

[Event "Madrid-ch qual A"]
[Site "Madrid"]
[Date "2007.11.19"]
[Round "7"]
[White "Martin Martin, Luis Vicente"]
[Black "Vallejo Nuno, Jorge"]
[Result "1-0"]
[WhiteElo "2089"]
[BlackElo "1993"]
[PlyCount "59"]
[EventDate "2007.11.05"]
[EventType "swiss"]
[EventRounds "9"]
[EventCountry "ESP"]
[SourceTitle "CBM 121 Extra"]
[Source "ChessBase"]
[SourceDate "2008.01.10"]
[SourceVersion "1"]
[SourceVersionDate "2008.01.10"]
[SourceQuality "1"]

1. e4 e5 2. d4 exd4 3. Qxd4 Nc6 4. Qe3 Nf6 5. Nc3 Nb4 6. Qe2 d5 7. e5 Ng4 8. a3 Nc6 9. Bf4 Nd4 10. Qd2 c5 11. Nf3 Nxf3+ 12. gxf3 d4 13. 0-0-0 Nh6 14. Bb5+ Bd7 15. e6 fxe6 16. Rhe1 Kf7 17. Bxd7 Qxd7 18. Bxh6 gxh6 19. Qf4+ Ke7 20. Ne4 Qd5 21. Qc7+ Qd7 22. Qxc5+ Kd8 23. Qe5 Bg7 24. Nf6 Bxf6 25. Qxf6+ Kc7 26. Rxd4 Qb5 27. Qe7+ Kc8 28. Qxe6+ Kb8 29. Qd6+ Kc8 30. Rd5 1-0

[Event "Madrid-ch qual A"]
[Site "Madrid"]
[Date "2007.11.06"]
[Round "2"]
[White "Vallejo Nuno, Jorge"]
[Black "Cano Mercado, Francisco Manuel"]
[Result "1-0"]
[WhiteElo "1993"]
[BlackElo "1897"]
[PlyCount "79"]
[EventDate "2007.11.05"]
[EventType "swiss"]
[EventRounds "9"]
[EventCountry "ESP"]
[SourceTitle "CBM 121 Extra"]
[Source "ChessBase"]
[SourceDate "2008.01.10"]
[SourceVersion "1"]
[SourceVersionDate "2008.01.10"]
[SourceQuality "1"]

1. e4 c6 2. d4 d5 3. Nc3 dxe4 4. Nxe4 Bf5 5. Ng3 Bg6 6. h4 h6 7. Nh3 e6 8. Nf4 Bh7 9. Bc4 Nf6 10. 0-0 Nd5 11. h5 Bd6 12. Nxd5 cxd5 13. Bb5+ Nc6 14. Qg4 Qf6 15. c3 0-0 16. f4 Ne7 17. Bd2 Kh8 18. Qf3 Nf5 19. Nxf5 Bxf5 20. g4 Be4 21. Qh3 Qe7 22. Rae1 f6 23. Bd3 f5 24. g5 Qf7 25. Kf2 Qc7 26. Ke2 a6 27. Kd1 Qa5 28. a3 Rac8 29. Rh1 Qa4+ 30. Ke2 Qd7 31. Qh4 Be7 32. Qg3 hxg5 33. fxg5 Bd6 34. Qh3 f4 35. Kf2 Bf5 36. Bxf5 Rxf5 37. g6 e5 38. h6 gxh6 39. Qxh6+ Kg8 40. g7 1-0

[Event "Madrid2"]
[Site "Madrid"]
[Date "2006.03.11"]
[Round "5"]
[White "Ubed Garcia Cuenca, Pedro"]
[Black "Vallejo Nuno, Jorge"]
[Result "0-1"]
[WhiteElo "1888"]
[BlackElo "1991"]
[PlyCount "31"]
[EventDate "2006.02.11"]
[EventType "tourn"]
[EventRounds "9"]
[EventCountry "ESP"]
[SourceTitle "EXT 2007"]
[Source "ChessBase"]
[SourceDate "2006.11.23"]
[SourceVersion "1"]
[SourceVersionDate "2006.11.23"]
[SourceQuality "1"]

1. e4 d5 2. exd5 Qxd5 3. Nc3 Qd8 4. Nf3 Nf6 5. d4 Bg4 6. Be2 e6 7. h3 Bb4 8. Be3 c6 9. Ne5 Bxe2 10. Qxe2 Qc7 11. 0-0 Nbd7 12. Nxd7 Qxd7 13. Bf4 Qxd4 14. Be5 Qb6 15. Ne4 Nxe4 16. Qxe4 0-1

[Event "Madrid2"]
[Site "Madrid"]
[Date "2006.02.25"]
[Round "3"]
[White "Peral Aparicio, Jesus"]
[Black "Vallejo Nuno, Jorge"]
[Result "1/2-1/2"]
[WhiteElo "1740"]
[BlackElo "1991"]
[PlyCount "36"]
[EventDate "2006.02.11"]
[EventType "tourn"]
[EventRounds "9"]
[EventCountry "ESP"]
[SourceTitle "EXT 2007"]
[Source "ChessBase"]
[SourceDate "2006.11.23"]
[SourceVersion "1"]
[SourceVersionDate "2006.11.23"]
[SourceQuality "1"]

1. d4 f5 2. c4 Nf6 3. Nc3 g6 4. Nf3 Bg7 5. Bf4 0-0 6. e3 d6 7. h3 Nbd7 8. Ng5 Nb8 9. d5 h6 10. Nf3 e5 11. Bh2 Nbd7 12. Be2 a6 13. Qc2 Kh7 14. Rg1 Nc5 15. Nd2 Nfe4 16. Ndxe4 fxe4 17. Rf1 Qe7 18. Bg3 Bd7 1/2-1/2